| 000 | 00545nam a2200181Ia 4500 | ||
|---|---|---|---|
| 008 | 240925s9999 xx 000 0 und d | ||
| 020 | _a70990573 | ||
| 082 | _a629.3814 DIS | ||
| 100 | _aDistefano ,Joseph J.; Stubberud ,Allen R.; Williams ,Ivan J. | ||
| 245 | 0 | _aSchaum's Outline of Theory And Problems of Feed Back And Control Systems | |
| 250 | _aNA | ||
| 260 |
_aNew York: _bMcGraw-Hill _c,1987. |
||
| 300 |
_a407p. _bNA _fOriginal |
||
| 500 | _aIncludes Index | ||
| 600 | _aElectronic Engineering | ||
| 650 | _aTechnology | ||
| 942 | _cBK | ||
| 999 |
_c2559 _d2559 |
||